UBT Library

THE AMBITIONS OF CURIOSITY UNDERSTANDING WORLD ANCIENT GREECE AND CHINA (Record no. 16031)

000 -LEADER
fixed length control field 00350nam a22001337a 4500
008 - FIXED-LENGTH DATA ELEMENTS--GENERAL INFORMATION
fixed length control field 170606b xxu||||| |||| 00| 0 eng d
020 ## - INTERNATIONAL STANDARD BOOK NUMBER
International Standard Book Number 9780521894616
041 ## - LANGUAGE CODE
Language code of text/sound track or separate title eng
080 ## - UNIVERSAL DECIMAL CLASSIFICATION NUMBER
Universal Decimal Classification number 94
100 ## - Rafti
Rafti 18
101 ## - Shkurtesa
Shkurtesa SHH
245 ## - TITLE STATEMENT
Title THE AMBITIONS OF CURIOSITY UNDERSTANDING WORLD ANCIENT GREECE AND CHINA
Statement of responsibility, etc LLOYD.G.E.R
942 ## - ADDED ENTRY ELEMENTS (KOHA)
Source of classification or shelving scheme
Item type Books
Holdings
Withdrawn status Lost status Source of classification or shelving scheme Damaged status Not for loan Collection code Permanent location Current location Shelving location Date acquired Total Checkouts Full call number Barcode Date last seen Price effective from Koha item type
          Koleksioni i përgjithshem UBT - Lipjan UBT - Lipjan Koleksioni i përgjithshem 06/06/2017   94 LLOY 002-287962 06/06/2017 06/06/2017 Books
UBT Library © 2015-2024. All rights reserved University Education for Business and Technology